| 000 | 00602 a2200181 4500 | ||
|---|---|---|---|
| 003 | Nust | ||
| 005 | 20230125131618.0 | ||
| 020 | _a053403957x | ||
| 040 | _cNust | ||
| 082 | _a428.1,GOR | ||
| 100 |
_aGordon,Heightsman Helen _9107640 |
||
| 245 |
_a WordForms _bContext Strategies and Practice / _cHeightsman Helen Gordon |
||
| 260 |
_aBelmont California _bWadsworth pub |
||
| 300 | _a260:P | ||
| 505 | _aBasic Tools and Resources (Page-7), Strategies for Building Vocabulary (Page-43),Application of Strategies in Reading (Page-127), | ||
| 650 |
_a WordForms _9107641 |
||
| 942 |
_2ddc _cBK _k428.1,GOR |
||
| 999 |
_c185747 _d185747 |
||